Iconic Villains #1 - Statistics

General Stats
  • This quiz has been taken 20 times
  • The average score is 11 of 16
Answer Stats
Picture Answer % Correct
Dracula
100%
Joker
100%
The Grinch
100%
Cruella de vil
95%
Darth Vader
95%
Freddy Krueger
80%
Hannibal Lecter
80%
Voldemort
80%
Gordon Gekko
75%
Agent Smith
65%
Shredder
60%
Ultron
60%
Oddjob
55%
Prince John
45%
Death
35%
Ganon
20%
No matching quizzes found
Score Distribution
Percent of People with Each Score
Percentile by Number Answered
Your Score History
You have not taken this quiz